000 00792nam a2200301Ia 4500
001 19238
003 IT-RoPAU
008 130308s9999 xx 000 0 und d
040 _aIT-RoPAU
040 _cIT-RoPAU
041 _aITALIANO
100 _aDonatoni Franco
100 _gCodice Aut. SPICS: 7147
245 _aAntecedente X-Sulle difficoltà del comporre
245 _bAntecedente X-Sulle Difficolta' del Comporre
250 _a1a ed.
260 _aMILANO
260 _bAdelphi
260 _c1980 [1° Ed.:1980 - Ed.Ling.Originale:1980]
300 _a"208 p. (prefazione: no ; testo: 208)"
500 _aComposizione Musicale
650 _aTEORICHE MUSICALI
650 _eCodice materia Spics: 7005
942 _cBK
957 _71
999 _c73688
_d73688
999 _bSI
999 _g1